000 00517nam a2200157Ia 4500
008 230907s9999||||xx |||||||||||||| ||und||
082 _a620.1
_bMUB
100 _aMubeen Ahmed (00000320216)
_9116761
245 0 _aComparison of Thermodynamic Performance of Geothermal Organic Rankine Cycle with Two Different Working Fluids /
260 _aUSPCAS-E, NUST,
_bIslamabad :
_c2022
300 _axv, 53 p.
520 _aTH-427
650 _aMS-TEE Thesis MS Thesis
700 _aDr Majid Ali
_929033
942 _cTHE
_2ddc
999 _c602105
_d602105